00936nam a2200217 a 4500001001000000005001700010008004100027020001500068050002400083100002900107245012200136260003900258300004100297500011900338500007600457500005000533504003100583600004800614700003400662700002200696BRCA_150320190320203445.0941020s1994 mx-a---##b---#000-0#spa-# a9682958490 4aND259.A7b.C37 19941 aCastro Morales, Efraín10aJosé Agustín Arrietab1803-1874, homenaje nacionalcEfraín Castro Morales ; introducción de Xavier Moyssén. a[México]bINBA : CONACULTAc1994 a264 p.bil. a colorc33 cm.eaddenda aCatálogo de la exposición realizada en el Museo Nacional de Arte (Ciudad de México), agosto - octubre, 1994 aIncluye índice de ilustraciones, apéndice documental y cronología a2do. ejemplar en el Área de Investigación aBibliografía: p. 127-13014aArrieta, Agustínd1802-1874vExposiciones1 aArrieta, Agustínd1802-18741 aMoyssén, Xavier